Basic skills for Toef® iBT (CD): Writing 2

Spremljeno u:
Bibliografski detalji
Glavni autor: Zeter, Jeff
Format: Knjiga
Jezik:Undetermined
Izdano: Compass Publishing 2008
Teme:
Oznake: Dodaj oznaku
Bez oznaka, Budi prvi tko označuje ovaj zapis!
Thư viện lưu trữ: Trung tâm Học liệu Trường Đại học Cần Thơ
LEADER 00646nam a2200217Ia 4500
001 CTU_183122
008 210402s9999 xx 000 0 und d
082 |a 428.0076 
082 |b B311/W2-CD 
100 |a Zeter, Jeff 
245 0 |a Basic skills for Toef® iBT (CD): 
245 0 |b Writing 2 
245 0 |c Jeff Zeter 
260 |b Compass Publishing 
260 |c 2008 
650 |a English language,TOEFL iBT,Hướng dẫn học thi Tiếng Anh 
650 |x Study guides 
650 |y Examinations 
904 |i Mã hoá cutter theo tên sách 
910 |a Nguyên 
980 |a Trung tâm Học liệu Trường Đại học Cần Thơ